000 00455nam a2200181Ia 4500
001 4107
003 IN-NITTTR
005 20251114232955.0
008 251113s9999||||xx |||||||||||||| ||eng||
040 _beng
040 _cIN-NITTTR
041 _aeng
082 _a539 J62A
100 _aJohnsen, Russell H.
245 0 _aAtoms,molecules and chemical change. /
_cJohnsen, Russell H., Grunwald, Ernest
700 _a Grunwald, Ernest
942 _2ddc
_cBK
999 _c6636
_d6636